Animal Kingdom in Numbers - Statistics

General Stats
  • This quiz has been taken 28 times
  • The average score is 15 of 20
Answer Stats
Hint Margin
of Error
Answer % Correct
Teeth in an adult human

+/−1

32
100%
Legs on an insect 0 6
100%
Vertebrae in a giraffe's neck 0 7
92%
Usual number of legs on a crab 0 10
88%
Toes on a chimpanzee's foot 0 5
88%
Legs on a spider 0 8
88%
Wings on a dragonfly 0 4
81%
Compartments in a cow's stomach 0 4
77%
Number of countries with a wild giant panda population 0 1
73%
Combined total of arms and tentacles on a squid 0 10
73%
Parts, or 'tagmata', into which an insect's body is divided 0 3
73%
Extant species of rhinoceros 0 5
73%
Fins on a whale shark 0 8
73%
Pairs of legs on each segment of a millipede's body 0 2
69%
Eyes on a honey bee 0 5
65%
Known species of Cetacea (whales, dolphins and porpoises)

+/−10

94
65%
Age of 'Harriet', a long lived giant tortoise, at her death in 2006

+/−10

175
62%
Bones in an adult human

+/−5

206
62%
Height of the tallest person ever recorded (inches or cm) * Enter number and unit, e.g. 40in, 65cm, etc.

+/−8in, +/−20cm

107.1in (8ft 11.1in) 272cm
46%
Highest verified weight of a Komodo Dragon (pounds or kg) * Enter number and unit, e.g. 40lb, 65kg, etc.

+/−25lb, +/−11kg

366lb / 166kg
31%
No matching quizzes found
Score Distribution
Percent of People with Each Score
Percentile by Number Answered
Your Score History
You have not taken this quiz